000 00524cam a2200145 4500500
005 20251228090844.0
041 _afre
042 _adc
100 1 0 _aFaguer, Nicolas
_eauthor
245 0 0 _aLa parole qui guérit. Péguy remettant ses enfants à la Vierge
260 _c2018.
500 _a13
786 0 _nBulletin de l’Amitié Charles Péguy | 164 | 4 | 2018-04-23 | p. 368-372 | 0180-8567
856 4 1 _uhttps://shs.cairn.info/revue-bulletin-de-lamitie-charles-peguy-2018-4-page-368?lang=fr&redirect-ssocas=7080
999 _c1602799
_d1602799